[Event "Moscow Aeroflot op-A 18th"]
[Site "Moscow"]
[Date "2019.02.25"]
[Round "7"]
[White "Aleksandrov, Aleksej"]
[Black "Paravyan, David"]
[Result "1/2-1/2"]
[WhiteElo "2574"]
[BlackElo "2627"]
[PlyCount "37"]
[EventDate "2019.02.20"]
[EventType "swiss"]
[EventRounds "9"]
[EventCountry "RUS"]
[SourceTitle "CBM 189"]
[Source "ChessBase"]
[SourceDate "2019.04.29"]
[SourceVersion "1"]
[SourceVersionDate "2019.04.29"]
[SourceQuality "1"]

1. d4 Nf6 2. c4 e6 3. Nc3 Bb4 4. e3 b6 5. Bd3 Bb7 6. Nf3 O-O 7. Bd2 d5 8. Rc1
dxc4 9. Bxc4 a6 10. O-O Nbd7 11. Ne4 Bxd2 12. Nexd2 c5 13. Be2 cxd4 14. Nxd4
Rc8 15. Bf3 Rxc1 16. Qxc1 Qb8 17. Bxb7 Qxb7 18. Qc6 Qb8 19. Rc1 1/2-1/2

[Event "Moscow Aeroflot op-A 18th"]
[Site "Moscow"]
[Date "2019.02.25"]
[Round "7"]
[White "Anton Guijarro, David"]
[Black "Lupulescu, Constantin"]
[Result "1/2-1/2"]
[WhiteElo "2642"]
[BlackElo "2610"]
[PlyCount "45"]
[EventDate "2019.02.20"]
[EventType "swiss"]
[EventRounds "9"]
[EventCountry "RUS"]
[SourceTitle "CBM 189"]
[Source "ChessBase"]
[SourceDate "2019.04.29"]
[SourceVersion "1"]
[SourceVersionDate "2019.04.29"]
[SourceQuality "1"]

1. d4 Nf6 2. c4 e6 3. Nc3 Bb4 4. f3 d5 5. a3 Bxc3+ 6. bxc3 c6 7. e3 O-O 8. Bd3
b6 9. Ne2 Ba6 10. cxd5 cxd5 11. O-O Bxd3 12. Qxd3 Qc8 13. e4 Qa6 14. Qe3 Nc6
15. e5 Nd7 16. Nf4 Rae8 17. a4 f6 18. exf6 Nxf6 19. Ba3 Rf7 20. Bb4 e5 21. dxe5
Rxe5 22. Qd2 Qc4 23. Nd3 1/2-1/2

[Event "Moscow Aeroflot op-A 18th"]
[Site "Moscow"]
[Date "2019.02.25"]
[Round "7"]
[White "Aravindh, Chithambaram VR"]
[Black "Zhu, Jiner"]
[Result "1-0"]
[WhiteElo "2601"]
[BlackElo "2442"]
[PlyCount "213"]
[EventDate "2019.02.20"]
[EventType "swiss"]
[EventRounds "9"]
[EventCountry "RUS"]
[SourceTitle "CBM 189"]
[Source "ChessBase"]
[SourceDate "2019.04.29"]
[SourceVersion "1"]
[SourceVersionDate "2019.04.29"]
[SourceQuality "1"]

1. Nf3 Nf6 2. c4 e6 3. Nc3 d5 4. e3 dxc4 5. Bxc4 c5 6. d4 Nc6 7. O-O cxd4 8.
exd4 Be7 9. Qe2 O-O 10. Rd1 Nb4 11. Ne5 Nbd5 12. Rd3 Bd7 13. Rg3 Kh8 14. Rh3
Be8 15. Bd3 g6 16. Bh6 Rg8 17. Qf3 a6 18. Re1 Rc8 19. Nxd5 Qxd5 20. Qe3 Qd8 21.
Bg5 Rg7 22. Bh6 Rg8 23. Qf4 Rc7 24. g4 Bd6 25. Bg5 Be7 26. Bh6 Bd6 27. Bg5 Be7
28. Qf3 Rg7 29. Bh6 Qxd4 30. Bxg7+ Kxg7 31. g5 Nd5 32. Nxf7 Nf4 33. Rh4 e5 34.
Nxe5 Ne2+ 35. Qxe2 Qxh4 36. Nf3 Qg4+ 37. Kh1 Bd6 38. Be4 Qf4 39. Qd3 Bf7 40.
Bd5 Bxd5 41. Qxd5 Rf7 42. Re3 b6 43. Kg2 Bc5 44. Qe5+ Qxe5 45. Rxe5 h6 46.
gxh6+ Kxh6 47. Re2 Rd7 48. Nd2 Kg7 49. Ne4 Be7 50. Rc2 a5 51. Kf3 Rd5 52. Ke3
Kf7 53. f3 b5 54. Rd2 Rh5 55. Rg2 Rd5 56. Rc2 Ke6 57. Rc6+ Kf7 58. Nf2 Re5+ 59.
Kd3 Rd5+ 60. Ke2 Bg5 61. Nd3 Be7 62. f4 Bd6 63. Ke3 Ke7 64. Ke4 Rh5 65. Rc2 Kf6
66. Rd2 Rh4 67. Rg2 b4 68. b3 Bb8 69. Kf3 Rh3+ 70. Ke2 Rh4 71. Ke3 Rh3+ 72. Ke4
Rh4 73. h3 Rxh3 74. Rc2 Bd6 75. Rc6 Ke7 76. Ra6 Bc7 77. Ra7 Kd6 78. Ra6+ Ke7
79. Rxg6 Rh2 80. Rg7+ Kd6 81. Ne5 Bb8 82. Rd7+ Kc5 83. Rd5+ Kb6 84. Nc4+ Kc6
85. Nxa5+ Kc7 86. Rb5 Re2+ 87. Kf5 Rxa2 88. Nc4 Ba7 89. Ne5 Kd6 90. Rxb4 Bc5
91. Rb5 Bd4 92. Ke4 Bc3 93. Rb6+ Ke7 94. Kf5 Rf2 95. Rb7+ Kd8 96. Ke6 Kc8 97.
Rb5 Bd2 98. f5 Bg5 99. Nf7 Bh4 100. Rb4 Re2+ 101. Kd5 Be7 102. Re4 Rxe4 103.
Kxe4 Bb4 104. Kd5 Kd7 105. f6 Bc3 106. Ne5+ Ke8 107. Ke4 1-0

[Event "Moscow Aeroflot op-A 18th"]
[Site "Moscow"]
[Date "2019.02.25"]
[Round "7"]
[White "Chen, Qi B"]
[Black "Schitco, Ivan"]
[Result "1/2-1/2"]
[WhiteElo "2443"]
[BlackElo "2426"]
[PlyCount "81"]
[EventDate "2019.02.20"]
[EventType "swiss"]
[EventRounds "9"]
[EventCountry "RUS"]
[SourceTitle "CBM 189"]
[Source "ChessBase"]
[SourceDate "2019.04.29"]
[SourceVersion "1"]
[SourceVersionDate "2019.04.29"]
[SourceQuality "1"]

1. e4 d6 2. d4 Nf6 3. Nc3 g6 4. f4 Bg7 5. Nf3 c5 6. dxc5 Qa5 7. Bd3 Qxc5 8. Qe2
O-O 9. Be3 Qa5 10. Bd2 Bg4 11. h3 Bxf3 12. Qxf3 Qb6 13. O-O-O Nc6 14. a3 Rac8
15. g4 Nd4 16. Qg2 Nd7 17. h4 Nc5 18. Be1 Rc6 19. h5 Rfc8 20. hxg6 hxg6 21. Rh3
Qa5 22. Kb1 Rb6 23. Nd5 Rxb2+ 24. Kxb2 Nxd3+ 25. Rhxd3 Rxc2+ 26. Qxc2 Nxc2+ 27.
Kxc2 Qa4+ 28. Kc1 Qxe4 29. g5 e6 30. Nf6+ Bxf6 31. gxf6 Qxf4+ 32. Kb2 Qxf6+ 33.
Bc3 Qf2+ 34. R1d2 Qb6+ 35. Ka2 Qc5 36. Bb2 Qc4+ 37. Ka1 Qf4 38. Rxd6 g5 39.
R6d4 Qg3 40. R4d3 Qf4 41. Rd4 1/2-1/2

[Event "Moscow Aeroflot op-A 18th"]
[Site "Moscow"]
[Date "2019.02.25"]
[Round "7"]
[White "Chigaev, Maksim"]
[Black "Tabatabaei, Mohammad Amin"]
[Result "1/2-1/2"]
[WhiteElo "2613"]
[BlackElo "2590"]
[PlyCount "29"]
[EventDate "2019.02.20"]
[EventType "swiss"]
[EventRounds "9"]
[EventCountry "RUS"]
[SourceTitle "CBM 189"]
[Source "ChessBase"]
[SourceDate "2019.04.29"]
[SourceVersion "1"]
[SourceVersionDate "2019.04.29"]
[SourceQuality "1"]

1. e4 c5 2. Nf3 d6 3. d4 cxd4 4. Qxd4 Nf6 5. Be2 Nc6 6. Qe3 g6 7. O-O Bg7 8. h3
O-O 9. Rd1 Nd7 10. Nc3 a6 11. Nd5 b5 12. c3 Rb8 13. a4 bxa4 14. Rxa4 a5 15. Nd4
1/2-1/2

[Event "Moscow Aeroflot op-A 18th"]
[Site "Moscow"]
[Date "2019.02.25"]
[Round "7"]
[White "Dai, Changren"]
[Black "Vishnu, Prasanna V"]
[Result "1/2-1/2"]
[WhiteElo "2473"]
[BlackElo "2524"]
[PlyCount "92"]
[EventDate "2019.02.20"]
[EventType "swiss"]
[EventRounds "9"]
[EventCountry "RUS"]
[SourceTitle "CBM 189"]
[Source "ChessBase"]
[SourceDate "2019.04.29"]
[SourceVersion "1"]
[SourceVersionDate "2019.04.29"]
[SourceQuality "1"]

1. e4 e5 2. Nf3 Nc6 3. Bb5 a6 4. Ba4 Nf6 5. O-O d6 6. Re1 Bg4 7. c3 Be7 8. d3
Nd7 9. Nbd2 Nb6 10. h3 Bxf3 11. Bxc6+ bxc6 12. Nxf3 Nd7 13. d4 Qc8 14. dxe5
dxe5 15. Nd2 Nc5 16. Nc4 Qe6 17. Na5 Rb8 18. Qg4 Qxg4 19. hxg4 Kd7 20. b3 Rb5
21. Nc4 Ke6 22. Be3 a5 23. Rad1 f6 24. f3 Ra8 25. Rd2 Rbb8 26. Red1 Rh8 27. Kf2
h5 28. gxh5 Rxh5 29. b4 axb4 30. cxb4 Nb7 31. a3 Rhh8 32. Rd3 c5 33. bxc5 Nxc5
34. Rd5 Na4 35. Rc1 Rhb8 36. Na5 Bd6 37. Nc4 Ra6 38. Nxd6 cxd6 39. Rc7 f5 40.
Rd1 Rb2+ 41. Kg1 fxe4 42. fxe4 Re2 43. Rd3 Nb2 44. Kf1 Nxd3 45. Kxe2 Rxa3 46.
Rxg7 Nf4+ 1/2-1/2

[Event "Moscow Aeroflot op-A 18th"]
[Site "Moscow"]
[Date "2019.02.25"]
[Round "7"]
[White "Debashis, Das"]
[Black "Yuffa, Daniil"]
[Result "0-1"]
[WhiteElo "2532"]
[BlackElo "2578"]
[PlyCount "88"]
[EventDate "2019.02.20"]
[EventType "swiss"]
[EventRounds "9"]
[EventCountry "RUS"]
[SourceTitle "CBM 189"]
[Source "ChessBase"]
[SourceDate "2019.04.29"]
[SourceVersion "1"]
[SourceVersionDate "2019.04.29"]
[SourceQuality "1"]

1. d4 Nf6 2. c4 g6 3. Nc3 Bg7 4. e4 d6 5. Nf3 O-O 6. Be3 e5 7. dxe5 dxe5 8. Qc2
Nc6 9. Rd1 Bd7 10. Be2 Qc8 11. h3 Re8 12. O-O a5 13. Rfe1 Be6 14. a3 h6 15. Nd5
Kh7 16. c5 Nd7 17. b4 axb4 18. axb4 Bxd5 19. exd5 Nxb4 20. Qc4 Na6 21. c6 Nb6
22. Qh4 bxc6 23. dxc6 Qf5 24. Ra1 e4 25. Nd4 Qc8 26. g4 Nc5 27. Rxa8 Qxa8 28.
Bxh6 Bxh6 29. g5 Qd8 30. Qxh6+ Kg8 31. Rd1 Qd5 32. h4 Nd3 33. h5 Re5 34. Nc2
Rxg5+ 35. Kf1 Qf5 36. Bxd3 exd3 37. hxg6 Rxg6 38. Qh4 Nd5 39. Re1 Nf6 40. Nd4
Qd5 41. f3 d2 42. Rb1 Kg7 43. Qf4 Qh5 44. Nf5+ Kh7 0-1

[Event "Moscow Aeroflot op-A 18th"]
[Site "Moscow"]
[Date "2019.02.25"]
[Round "7"]
[White "Donchenko, Alexander"]
[Black "Inarkiev, Ernesto"]
[Result "0-1"]
[WhiteElo "2600"]
[BlackElo "2692"]
[PlyCount "66"]
[EventDate "2019.02.20"]
[EventType "swiss"]
[EventRounds "9"]
[EventCountry "RUS"]
[SourceTitle "CBM 189"]
[Source "ChessBase"]
[SourceDate "2019.04.29"]
[SourceVersion "1"]
[SourceVersionDate "2019.04.29"]
[SourceQuality "1"]

1. d4 Nf6 2. c4 g6 3. g3 c5 4. dxc5 Qa5+ 5. Nc3 Bg7 6. Bd2 Qxc5 7. Rc1 O-O 8.
Bg2 d6 9. b3 Nc6 10. Nd5 Qa3 11. Nc3 Rd8 12. Nh3 Bxh3 13. Bxh3 d5 14. Nb5 Qc5
15. Nc7 Ne4 16. O-O Nxd2 17. Qxd2 dxc4 18. Qe1 Qh5 19. Nxa8 Qxh3 20. Nc7 Rd7
21. Ne8 Bd4 22. e3 Ne5 23. f3 Nd3 24. Qd2 Bb6 25. Qc3 Bxe3+ 26. Kh1 Rd4 27. Rb1
Nf2+ 28. Rxf2 Bxf2 29. Qb2 Bxg3 30. bxc4 Bxh2 31. Qg2 Qxg2+ 32. Kxg2 Rd2+ 33.
Kh1 b6 0-1

[Event "Moscow Aeroflot op-A 18th"]
[Site "Moscow"]
[Date "2019.02.25"]
[Round "7"]
[White "Fier, Alexandr"]
[Black "Zhou, Jianchao"]
[Result "1/2-1/2"]
[WhiteElo "2561"]
[BlackElo "2615"]
[PlyCount "84"]
[EventDate "2019.02.20"]
[EventType "swiss"]
[EventRounds "9"]
[EventCountry "RUS"]
[SourceTitle "CBM 189"]
[Source "ChessBase"]
[SourceDate "2019.04.29"]
[SourceVersion "1"]
[SourceVersionDate "2019.04.29"]
[SourceQuality "1"]

1. e4 c5 2. Nf3 d6 3. d4 cxd4 4. Nxd4 Nf6 5. Nc3 a6 6. f3 e5 7. Nb3 Be6 8. Be3
h5 9. Nd5 Bxd5 10. exd5 Nbd7 11. Qd2 g6 12. O-O-O Bg7 13. Kb1 O-O 14. h4 e4 15.
f4 Ng4 16. f5 Qf6 17. Nd4 gxf5 18. Be2 Nxe3 19. Qxe3 f4 20. Qxe4 Rae8 21. Qf3
Re5 22. c3 Nc5 23. g3 fxg3 24. Qxf6 Bxf6 25. Rdg1 Ne4 26. Bd3 Kh8 27. Bxe4 Rxe4
28. Nf5 Be5 29. Nxg3 Bxg3 30. Rxg3 Rfe8 31. Rf3 Kg7 32. Kc2 Re1 33. Rxe1 Rxe1
34. Rg3+ Kf6 35. Rf3+ Kg6 36. Rg3+ Kf6 37. Rf3+ Ke7 38. Rf5 Re2+ 39. Kb3 Re5
40. Rxe5+ dxe5 41. c4 Kd6 42. Kc3 f5 1/2-1/2

[Event "Moscow Aeroflot op-A 18th"]
[Site "Moscow"]
[Date "2019.02.25"]
[Round "7"]
[White "Gagare, Shardul"]
[Black "Alekseenko, Kirill"]
[Result "1/2-1/2"]
[WhiteElo "2495"]
[BlackElo "2634"]
[PlyCount "54"]
[EventDate "2019.02.20"]
[EventType "swiss"]
[EventRounds "9"]
[EventCountry "RUS"]
[SourceTitle "CBM 189"]
[Source "ChessBase"]
[SourceDate "2019.04.29"]
[SourceVersion "1"]
[SourceVersionDate "2019.04.29"]
[SourceQuality "1"]

1. Nf3 c5 2. c4 Nf6 3. g3 Nc6 4. Bg2 d5 5. cxd5 Nxd5 6. Nc3 Nc7 7. O-O e5 8. a3
f6 9. Rb1 Rb8 10. d3 Be7 11. Be3 O-O 12. b4 cxb4 13. axb4 Nd4 14. b5 Be6 15.
Qa4 Bc5 16. Nxd4 exd4 17. Ne4 dxe3 18. Nxc5 Bd5 19. Bxd5+ Qxd5 20. Qc4 exf2+
21. Kxf2 Rf7 22. Qxd5 Nxd5 23. e4 Rc8 24. d4 b6 25. exd5 bxc5 26. Rfc1 c4 27.
b6 axb6 1/2-1/2

[Event "Moscow Aeroflot op-A 18th"]
[Site "Moscow"]
[Date "2019.02.25"]
[Round "7"]
[White "Ganguly, Surya Shekhar"]
[Black "Santos Ruiz, Miguel"]
[Result "1/2-1/2"]
[WhiteElo "2636"]
[BlackElo "2554"]
[PlyCount "32"]
[EventDate "2019.02.20"]
[EventType "swiss"]
[EventRounds "9"]
[EventCountry "RUS"]
[SourceTitle "CBM 189"]
[Source "ChessBase"]
[SourceDate "2019.04.29"]
[SourceVersion "1"]
[SourceVersionDate "2019.04.29"]
[SourceQuality "1"]

1. Nf3 d5 2. g3 g6 3. Bg2 Bg7 4. d4 Nd7 5. O-O Ngf6 6. c4 dxc4 7. Na3 Nb6 8.
Nxc4 Nxc4 9. Qa4+ c6 10. Qxc4 Be6 11. Qa4 Bd5 12. Bf4 O-O 13. Be5 Qb6 14. Qa3
Rfe8 15. Rfe1 a5 16. Nd2 Bh6 1/2-1/2

[Event "Moscow Aeroflot op-A 18th"]
[Site "Moscow"]
[Date "2019.02.25"]
[Round "7"]
[White "Gavrilescu, David"]
[Black "Macovei, Andrei"]
[Result "1/2-1/2"]
[WhiteElo "2479"]
[BlackElo "2435"]
[PlyCount "102"]
[EventDate "2019.02.20"]
[EventType "swiss"]
[EventRounds "9"]
[EventCountry "RUS"]
[SourceTitle "CBM 189"]
[Source "ChessBase"]
[SourceDate "2019.04.29"]
[SourceVersion "1"]
[SourceVersionDate "2019.04.29"]
[SourceQuality "1"]

1. e4 c5 2. Nf3 d6 3. Bb5+ Nd7 4. c3 Ngf6 5. Bd3 a6 6. Bc2 b5 7. O-O Bb7 8. Re1
c4 9. b3 e6 10. Qe2 Rc8 11. d4 cxd3 12. Bxd3 Nc5 13. Nbd2 Nxd3 14. Qxd3 Be7 15.
a4 d5 16. axb5 dxe4 17. Qxd8+ Bxd8 18. Nd4 axb5 19. Nxb5 Be7 20. Nc4 O-O 21.
Ra7 Bc6 22. Rxe7 Bxb5 23. Nd6 Rb8 24. c4 Bc6 25. Rc7 Ba8 26. Nb5 Rfd8 27. h3 h6
28. Bb2 Rd3 29. Be5 Rxb3 30. Ra7 Rf8 31. Rea1 Bd5 32. Nd4 Bxc4 33. Nxb3 Bxb3
34. Rc1 Kh7 35. Rc3 Bd5 36. Rcc7 Kg6 37. g4 e3 38. fxe3 Ne4 39. Kh2 Ng5 40. Kg3
Ne4+ 41. Kh2 Ng5 42. Bc3 Nf3+ 43. Kg3 Ng5 44. h4 Ne4+ 45. Kf4 Nxc3 46. Rxc3 Rb8
47. Ra4 Bb3 48. Rd4 Rb5 49. Kg3 e5 50. Rd6+ Be6 51. Rc4 h5 1/2-1/2

[Event "Moscow Aeroflot op-A 18th"]
[Site "Moscow"]
[Date "2019.02.25"]
[Round "7"]
[White "Grachev, Boris V"]
[Black "Antipov, Mikhail Al"]
[Result "1/2-1/2"]
[WhiteElo "2626"]
[BlackElo "2589"]
[PlyCount "75"]
[EventDate "2019.02.20"]
[EventType "swiss"]
[EventRounds "9"]
[EventCountry "RUS"]
[SourceTitle "CBM 189"]
[Source "ChessBase"]
[SourceDate "2019.04.29"]
[SourceVersion "1"]
[SourceVersionDate "2019.04.29"]
[SourceQuality "1"]

1. Nf3 Nf6 2. c4 c6 3. Nc3 d5 4. e3 a6 5. h3 e6 6. b3 c5 7. Bb2 Nc6 8. cxd5
exd5 9. d4 Qa5 10. dxc5 Bxc5 11. a3 Ba7 12. Bd3 O-O 13. O-O Re8 14. Ne2 Ne4 15.
Ned4 Nxd4 16. Nxd4 Bb8 17. Qh5 g6 18. Qh4 Be5 19. b4 Qb6 20. Bxe4 dxe4 21. Rab1
Bf6 22. Qf4 Be5 23. Qh4 Bf6 24. Qf4 Be5 25. Qg5 Bf6 26. Qc5 Qxc5 27. bxc5 Bd7
28. Ba1 Bxd4 29. Bxd4 Bb5 30. Rfd1 Re6 31. Rb4 Rd8 32. Rdb1 Rd7 33. h4 h5 34.
a4 Bc6 35. Rb6 f6 36. a5 Kf7 37. Kh2 g5 38. Rh1 1/2-1/2

[Event "Moscow Aeroflot op-A 18th"]
[Site "Moscow"]
[Date "2019.02.25"]
[Round "7"]
[White "Harika, Dronavalli"]
[Black "Esipenko, Andrey"]
[Result "1/2-1/2"]
[WhiteElo "2471"]
[BlackElo "2603"]
[PlyCount "66"]
[EventDate "2019.02.20"]
[EventType "swiss"]
[EventRounds "9"]
[EventCountry "RUS"]
[SourceTitle "CBM 189"]
[Source "ChessBase"]
[SourceDate "2019.04.29"]
[SourceVersion "1"]
[SourceVersionDate "2019.04.29"]
[SourceQuality "1"]

1. e4 e5 2. Nf3 Nc6 3. Bc4 Bc5 4. c3 Nf6 5. d3 d6 6. O-O O-O 7. h3 h6 8. Re1 a6
9. Bb3 Ba7 10. Nbd2 Re8 11. Nf1 Be6 12. Ng3 Bxb3 13. Qxb3 Qd7 14. Be3 Bxe3 15.
Rxe3 Ne7 16. d4 Ng6 17. Rd1 Qc6 18. Nh2 Nf4 19. Ng4 Nxg4 20. hxg4 g6 21. Ne2
exd4 22. Nxd4 Qd7 23. f3 d5 24. Ne2 Qd6 25. Nxf4 Qxf4 26. Rde1 b5 27. e5 Rad8
28. Qb4 d4 29. Re4 Qd2 30. R4e2 Qf4 31. Re4 Qd2 32. R4e2 Qf4 33. Re4 Qd2
1/2-1/2

[Event "Moscow Aeroflot op-A 18th"]
[Site "Moscow"]
[Date "2019.02.25"]
[Round "7"]
[White "Henderson de la Fuente, Lance"]
[Black "Narayanan, Srinath"]
[Result "1/2-1/2"]
[WhiteElo "2490"]
[BlackElo "2572"]
[PlyCount "24"]
[EventDate "2019.02.20"]
[EventType "swiss"]
[EventRounds "9"]
[EventCountry "RUS"]
[SourceTitle "CBM 189"]
[Source "ChessBase"]
[SourceDate "2019.04.29"]
[SourceVersion "1"]
[SourceVersionDate "2019.04.29"]
[SourceQuality "1"]

1. e4 e5 2. Nf3 Nf6 3. d4 Nxe4 4. Nxe5 d6 5. Nf3 d5 6. Bd3 Be7 7. O-O Bf5 8. c4
dxc4 9. Bxc4 O-O 10. Nc3 Nc6 11. Re1 Nd6 12. Bb3 Bg4 1/2-1/2

[Event "Moscow Aeroflot op-A 18th"]
[Site "Moscow"]
[Date "2019.02.25"]
[Round "7"]
[White "Indjic, Aleksandar"]
[Black "Hakobyan, Aram"]
[Result "0-1"]
[WhiteElo "2630"]
[BlackElo "2545"]
[PlyCount "42"]
[EventDate "2019.02.20"]
[EventType "swiss"]
[EventRounds "9"]
[EventCountry "RUS"]
[SourceTitle "CBM 189"]
[Source "ChessBase"]
[SourceDate "2019.04.29"]
[SourceVersion "1"]
[SourceVersionDate "2019.04.29"]
[SourceQuality "1"]

1. d4 e6 2. e4 d5 3. Nc3 dxe4 4. Nxe4 Bd7 5. Nf3 Bc6 6. Neg5 Nd7 7. Nxf7 Kxf7
8. Ng5+ Ke8 9. Bc4 Bxg2 10. Nxe6 Qe7 11. Qe2 Bxh1 12. Bg5 Ngf6 13. O-O-O Be4
14. Nxc7+ Kd8 15. Ne6+ Ke8 16. d5 Rc8 17. Rd4 Bf5 18. c3 Rxc4 19. Qxc4 Kf7 20.
Qc7 Nc5 21. Nd8+ Ke8 0-1

[Event "Moscow Aeroflot op-A 18th"]
[Site "Moscow"]
[Date "2019.02.25"]
[Round "7"]
[White "Karthik, Venkataraman"]
[Black "Goganov, Aleksey"]
[Result "1/2-1/2"]
[WhiteElo "2494"]
[BlackElo "2612"]
[PlyCount "96"]
[EventDate "2019.02.20"]
[EventType "swiss"]
[EventRounds "9"]
[EventCountry "RUS"]
[SourceTitle "CBM 189"]
[Source "ChessBase"]
[SourceDate "2019.04.29"]
[SourceVersion "1"]
[SourceVersionDate "2019.04.29"]
[SourceQuality "1"]

1. e4 c5 2. Nf3 e6 3. d4 cxd4 4. Nxd4 Nc6 5. Nc3 Qc7 6. Be3 a6 7. Qf3 b5 8.
Nxc6 Qxc6 9. Bd3 d6 10. a3 Nf6 11. Qe2 Nd7 12. f4 Be7 13. O-O O-O 14. Rf3 Bb7
15. Raf1 Rae8 16. Kh1 Bd8 17. Rg3 f5 18. Qd2 Nc5 19. Bd4 Bf6 20. Bxf6 Rxf6 21.
exf5 exf5 22. Be2 Ne4 23. Nxe4 fxe4 24. Qd4 d5 25. b3 Qb6 26. Qxb6 Rxb6 27. Rd1
Rc8 28. c3 Rf6 29. c4 Rxf4 30. cxd5 Bxd5 31. h3 Bf7 32. Rd6 Rf2 33. Bg4 Re8 34.
Re3 Rf6 35. Rd4 Bg6 36. a4 bxa4 37. Rxa4 Rb8 38. Be2 Rbb6 39. Bc4+ Kf8 40. Re2
Rfd6 41. Rea2 Bf7 42. Rxa6 Rxa6 43. Rxa6 Rxa6 44. Bxa6 Bxb3 45. Kg1 e3 46. Kf1
Bd5 47. Ke2 Bxg2 48. h4 Ke7 1/2-1/2

[Event "Moscow Aeroflot op-A 18th"]
[Site "Moscow"]
[Date "2019.02.25"]
[Round "7"]
[White "Karthikeyan, Murali"]
[Black "Sethuraman, SP."]
[Result "1/2-1/2"]
[WhiteElo "2560"]
[BlackElo "2651"]
[PlyCount "56"]
[EventDate "2019.02.20"]
[EventType "swiss"]
[EventRounds "9"]
[EventCountry "RUS"]
[SourceTitle "CBM 189"]
[Source "ChessBase"]
[SourceDate "2019.04.29"]
[SourceVersion "1"]
[SourceVersionDate "2019.04.29"]
[SourceQuality "1"]

1. e4 e5 2. Nf3 Nc6 3. Bb5 Nf6 4. d3 Bc5 5. Bxc6 dxc6 6. Nbd2 Be6 7. O-O Bd6 8.
b3 Nd7 9. Nc4 Bxc4 10. bxc4 O-O 11. Bg5 Be7 12. Be3 a6 13. c3 b5 14. d4 Bf6 15.
c5 Re8 16. Qc2 Qe7 17. Nd2 b4 18. Rac1 bxc3 19. Qxc3 exd4 20. Bxd4 Bxd4 21.
Qxd4 Rad8 22. Qe3 Ne5 23. Nb3 Rd3 24. Qe2 Qd7 25. f4 Ng6 26. g3 Rd8 27. Rf3
Rxf3 28. Qxf3 Nf8 1/2-1/2

[Event "Moscow Aeroflot op-A 18th"]
[Site "Moscow"]
[Date "2019.02.25"]
[Round "7"]
[White "Kevlishvili, Robby"]
[Black "Ghaem Maghami, Ehsan"]
[Result "1/2-1/2"]
[WhiteElo "2463"]
[BlackElo "2540"]
[PlyCount "49"]
[EventDate "2019.02.20"]
[EventType "swiss"]
[EventRounds "9"]
[EventCountry "RUS"]
[SourceTitle "CBM 189"]
[Source "ChessBase"]
[SourceDate "2019.04.29"]
[SourceVersion "1"]
[SourceVersionDate "2019.04.29"]
[SourceQuality "1"]

1. e4 c5 2. Nf3 d6 3. d4 cxd4 4. Nxd4 Nf6 5. Nc3 a6 6. Be3 e5 7. Nf3 Be7 8. Bc4
O-O 9. O-O Qc7 10. Bb3 Be6 11. Qe2 Rc8 12. Rfd1 b5 13. Rac1 Nbd7 14. Nh4 g6 15.
Bg5 Nb6 16. Nf3 b4 17. Bxf6 bxc3 18. Bxe7 cxb2 19. Rb1 Qxe7 20. Rxb2 Nc4 21.
Bxc4 Rxc4 22. Rb6 Rac8 23. Rbxd6 Rxc2 24. Qxa6 Rxa2 25. Qb6 1/2-1/2

[Event "Moscow Aeroflot op-A 18th"]
[Site "Moscow"]
[Date "2019.02.25"]
[Round "7"]
[White "Kobalia, Mihail"]
[Black "Aryan, Chopra"]
[Result "1/2-1/2"]
[WhiteElo "2627"]
[BlackElo "2540"]
[PlyCount "81"]
[EventDate "2019.02.20"]
[EventType "swiss"]
[EventRounds "9"]
[EventCountry "RUS"]
[SourceTitle "CBM 189"]
[Source "ChessBase"]
[SourceDate "2019.04.29"]
[SourceVersion "1"]
[SourceVersionDate "2019.04.29"]
[SourceQuality "1"]

1. e4 c5 2. Nf3 d6 3. d4 cxd4 4. Nxd4 Nf6 5. Nc3 a6 6. f3 e5 7. Nb3 Be6 8. Be3
h5 9. Qd2 Nbd7 10. O-O-O Be7 11. Kb1 Rc8 12. Bg5 b5 13. a3 Qc7 14. h4 Nb6 15.
Bxf6 gxf6 16. Nd5 Nxd5 17. exd5 Bd7 18. Na5 Qc5 19. c4 bxc4 20. Rc1 Bd8 21.
Nxc4 Ke7 22. Be2 Qa7 23. f4 Bf5+ 24. Ka2 Qd4 25. Qb4 Qc5 26. Qb3 Qxd5 27. a4
Bc7 28. Rhf1 Be4 29. Bf3 Bxf3 30. Rxf3 Bb6 31. fxe5 fxe5 32. Qc2 Bd4 33. b3
Rhg8 34. Rcf1 Rg7 35. g3 Rcg8 36. Ne3 Bxe3 37. Qc7+ Ke8 38. Qc8+ Ke7 39. Qc7+
Ke8 40. Qc8+ Ke7 41. Qc7+ 1/2-1/2

[Event "Moscow Aeroflot op-A 18th"]
[Site "Moscow"]
[Date "2019.02.25"]
[Round "7"]
[White "Kovalev, Vladislav"]
[Black "Petrosyan, Manuel"]
[Result "1/2-1/2"]
[WhiteElo "2703"]
[BlackElo "2564"]
[PlyCount "64"]
[EventDate "2019.02.20"]
[EventType "swiss"]
[EventRounds "9"]
[EventCountry "RUS"]
[SourceTitle "CBM 189"]
[Source "ChessBase"]
[SourceDate "2019.04.29"]
[SourceVersion "1"]
[SourceVersionDate "2019.04.29"]
[SourceQuality "1"]

1. d4 d5 2. Bf4 Bf5 3. e3 e6 4. c4 Bxb1 5. Qa4+ Nc6 6. Rxb1 Bb4+ 7. Kd1 dxc4 8.
Bxc4 a6 9. Bd3 Bd6 10. Bg3 Nf6 11. Nf3 O-O 12. Ke2 Nb4 13. Ne5 Nxd3 14. Nxd3
Ne4 15. Qc2 Qg5 16. Rhc1 Qh5+ 17. Kf1 Nxg3+ 18. hxg3 Qh1+ 19. Ke2 Qxg2 20. Rh1
h6 21. Rbg1 Qe4 22. Rh4 Qg6 23. g4 Rac8 24. Rh5 f5 25. Ne1 c5 26. d5 exd5 27.
Nf3 Qe8 28. Qd3 Qe4 29. gxf5 Qxd3+ 30. Kxd3 Rf6 31. Rd1 Rd8 32. Kc2 Bf8 1/2-1/2

[Event "Moscow Aeroflot op-A 18th"]
[Site "Moscow"]
[Date "2019.02.25"]
[Round "7"]
[White "Liu, Yan"]
[Black "Murzin, Volodar"]
[Result "1/2-1/2"]
[WhiteElo "2498"]
[BlackElo "2337"]
[PlyCount "120"]
[EventDate "2019.02.20"]
[EventType "swiss"]
[EventRounds "9"]
[EventCountry "RUS"]
[SourceTitle "CBM 189"]
[Source "ChessBase"]
[SourceDate "2019.04.29"]
[SourceVersion "1"]
[SourceVersionDate "2019.04.29"]
[SourceQuality "1"]

1. Nf3 d5 2. d4 Nf6 3. c4 c6 4. e3 a6 5. b3 Bg4 6. Nbd2 e6 7. Bd3 c5 8. O-O
cxd4 9. exd4 Nc6 10. Bb2 Bb4 11. Be2 O-O 12. c5 Ne4 13. Nxe4 dxe4 14. Ne5 Bxe2
15. Qxe2 Nxe5 16. dxe5 Qd3 17. Qxd3 exd3 18. Rac1 Rac8 19. Bd4 Rfd8 20. Rc4 a5
21. Rd1 Rd5 22. Kf1 Rcd8 23. Bc3 Bxc3 24. Rxc3 g5 25. a3 Rxe5 26. b4 axb4 27.
axb4 Red5 28. f3 Kf8 29. Kf2 Ke7 30. Rd2 Rd4 31. b5 R4d5 32. c6 Rxb5 33. cxb7
Rxb7 34. Rcxd3 Rxd3 35. Rxd3 Rb2+ 36. Kg3 e5 37. Ra3 h5 38. h4 gxh4+ 39. Kh3
Kf6 40. Ra8 Kg5 41. Ra4 f5 42. Rc4 Rd2 43. Ra4 Rd4 44. Ra1 Rd3 45. Kh2 Kf4 46.
Kh3 e4 47. Kxh4 exf3 48. gxf3 Kxf3 49. Rf1+ Ke4 50. Kxh5 f4 51. Kg4 Rg3+ 52.
Kh4 Rg6 53. Ra1 f3 54. Kh3 f2 55. Kh2 Rd6 56. Kg2 Rd2 57. Ra8 Re2 58. Rf8 Ke3
59. Rf3+ Kd2 60. Rxf2 Rxf2+ 1/2-1/2